Robert Browning Bibliography - Statistics

General Stats
  • This quiz has been taken 4 times
  • The average score is 14 of 208
Answer Stats
Type Year Name % Correct
Poem 1845 Home Thoughts, from Abroad
67%
Poem 1842 Johannes Agricola in Meditation
67%
Poem 1845 Meeting at Night
67%
Poem 1842 My Last Duchess
67%
Poem 1842 Porphyria's Lover
67%
Poem 1845 The Laboratory
67%
Poem 1845 The Lost Leader
67%
Play 1843 A Blot in the 'Scutcheon
33%
Play 1846 A Soul's Tragedy
33%
Poem 1850 Christmas-Eve
33%
Poetry Collection 1850 Christmas-Eve and Easter-Day, a Poem
33%
Play 1844 Colombe's Birthday
33%
Poem 1842 Count Gismond
33%
Poem 1842 Cristina
33%
Poem 1855 De Gustibus-
33%
Poem 1880 Doctor --
33%
Poetry Collection 1842 Dramatic Lyrics
33%
Poetry Collection 1845 Dramatic Romances and Lyrics
33%
Poetry Collection 1864 Dramatis Personae
33%
Poem 1855 Fra Lippo Lippi
33%
Poem 1845 How They Brought the Good News from Ghent to Aix
33%
Play 1842 King Victor and King Charles
33%
Play 1846 Luria
33%
Poetry Collection 1855 Men and Women
33%
Poem 1835 Paracelsus
33%
Poem 1845 Parting at Morning
33%
Poem 1833 Pauline: A Fragment of a Confession
33%
Play 1841 Pippa Passes
33%
Poem 1864 Prospice
33%
Poem 1842 Soliloquy of the Spanish Cloister
33%
Poem 1840 Sordello
33%
Poem 1845 The Bishop Orders His Tomb at Saint Praxed's Church
33%
Poem 1842 The Pied Piper of Hamelin
33%
Play 1843 The Return of the Druses
33%
Verse Novel 1868-1869 The Ring and the Book
33%
Poem 1884 A Bean-Stripe; also Apple-Eating
0%
Poem 1864 Abt Volger
0%
Poem 1884 A Camel-Driver
0%
Poem 1883 Adam, Lilith, and Eve
0%
Poem 1864 A Death in the Desert
0%
Poem 1864 A Face
0%
Poem 1876 A Forgiveness
0%
Poem 1855 After
0%
Poem 1855 A Grammarian's Funeral
0%
Poem 1855 A Light Woman
0%
Poem 1864 A Likeness
0%
Poem 1855 A Lover's Quarrel
0%
Poem 1855 Andrea del Sarto
0%
Poem 1855 An Epistle Containing the Strange Medical Experience of Karshish, the Arab Physician
0%
Poem 1855 Another Way of Love
0%
Poem 1855 Any Wife to Any Husband
0%
Poem 1889 A Pearl, a Girl
0%
Poem 1884 A Pillar at Sebzevah
0%
Poem 1864 Apparent Failure
0%
Poem 1876 Appearances
0%
Poem 1855 A Pretty Woman
0%
Poem 1875 Aristophanes' Apology
0%
Poem 1842 Artemis Prologizes
0%
Poem 1855 A Serenade at the Villa
0%
Poetry Collection 1889 Asolando
0%
Poem 1855 A Toccata of Galuppi's
0%
Poem 1876 At the "Mermaid"
0%
Poem 1855 A Woman's Last Word
0%
Poem 1889 Bad Dreams
0%
Poem 1871 Balaustion's Adventure
0%
Poem 1855 Before
0%
Poem 1876 Bifurcation
0%
Poem 1855 Bishop Blougram's Apology
0%
Poem 1842 Boot and Saddle
0%
Poem 1855 By the Fire-Side
0%
Poem 1864 Caliban upon Setebos
0%
Poem 1876 Cenciaja
0%
Poem 1884 Cherries
0%
Poem 1855 Childe Roland to the Dark Tower Came
0%
Poem 1855 Cleon
0%
Poem 1880 Clive
0%
Poem 1864 Confessions
0%
Poem 1883 Cristina and Monaldeschi
0%
Poem 1864 Deaf and Dumb
0%
Poem 1864 Dîs Aliter Visum
0%
Poem 1883 Donald
0%
Poetry Collection 1879 Dramatic Idylls
0%
Poetry Collection 1880 Dramatic Idylls: Second Series
0%
Poem 1889 Dubiety
0%
Poem 1850 Easter-Day
0%
Poem 1880 Echetlos
0%
Poem 1864 Eurydice to Orpheus
0%
Poem 1855 Evelyn Hope
0%
Poem 1845 Fame
0%
Poem 1876 Fears and Scruples
0%
Poetry Collection 1884 Ferishtah's Fancies
0%
Poem | Poetry Collection 1872 Fifine at the Fair
0%
Poem 1876 Filippo Baldinucci on the Privilege of Burial
0%
Poem 1842 Give a Rouse
0%
Poem 1864 Gold Hair: A Story of Pornic
0%
Poem 1879 Halbert and Hob
0%
Poem 1872 Hervé Riel
0%
Poem 1855 Holy-Cross Day
0%
Poem 1876 House
0%
Poem 1855 How It Strikes a Contemporary
0%
Poem 1889 Humility
0%
Play 1855 In a Balcony
0%
Poem 1842 In a Gondola
0%
Poem 1855 In a Year
0%
Poem 1842 Incident of the French Camp
0%
Poem 1855 Instans Tyrannus
0%
Poem 1855 In Three Days
0%
Poem 1879 Ivàn Ivànovitch
0%
Poem 1883 Ixion
0%
Poem 1864 James Lee's Wife
0%
Poem 1883 Jochanan Hakkadosh
0%
Poetry Collection 1883 Jocoseria
0%
Poem 1878 La Saisiaz
0%
Poetry Collection 1878 La Saisiaz: The Two Poets of Croisic
0%
Poem 1855 Life in a Love
0%
Poem 1845 Love
0%
Poem 1855 Love Among the Ruins
0%
Poem 1855 Love in a Life
0%
Poem 1876 Magical Nature
0%
Poem 1842 Marching Along
0%
Poem 1879 Martin Relph
0%
Poem 1883 Mary Wollstonecraft and Fuseli
0%
Poem 1855 Master Hughes of Saxe-Gotha
0%
Poem 1864 May and Death
0%
Poem 1884 Melon-Seller
0%
Poem 1855 Memorabilia
0%
Poem 1855 Mesmerism
0%
Poem 1884 Mihrab Shah
0%
Poem 1855 Misconceptions
0%
Poem 1864 Mr. Sludge, "The Medium"
0%
Poem 1880 Muléykeh
0%
Poem 1855 My Star
0%
Poem 1845 Nationality in Drinks
0%
Poem 1876 Natural Magic
0%
Poem 1879 Ned Bratts
0%
Poem 1883 Never the Time and the Place
0%
Poem 1889 Now
0%
Poem 1876 Numpholeptos
0%
Poem 1876 Of Pacchiarotto, and How He Worked in Distemper
0%
Poem 1855 Old Pictures in Florence
0%
Poem 1855 One Way of Love
0%
Poem 1855 One Word More
0%
Poetry Collection 1876 Pacchiarotto, and How He Worked in Distemper
0%
Poem 1883 Pambo
0%
Poem 1880 Pan and Luna
0%
Poem 1887 Parleying with Certain People of Importance in Their Day
0%
Poem 1879 Pheidippides
0%
Poem 1845 Pictor Ignotus
0%
Poem 1880 Pietro of Abano
0%
Poem 1876 Pisgah-Sights
0%
Poem 1884 Plot-Culture
0%
Poem 1889 Poetics
0%
Poem 1855 Popularity
0%
Poem 1871 Prince Hohenstiel-Schwangau, Saviour of Society
0%
Poem 1855 Protus
0%
Poem 1864 Rabbi Ben Ezra
0%
Poem 1873 Red Cotton Night-Cap Country, or Turf and Towers
0%
Poem 1855 Respectability
0%
Poem 1889 Rosny
0%
Poem 1842 Rudel to the Lady of Tripoli
0%
Poem 1845 Saul
0%
Poem 1884 Shah Abbas
0%
Poem 1876 Shop
0%
Poem 1845 Sibrandus Schafnaburgensis
0%
Poem 1883 Solomon and Balkis
0%
Poem 1889 Speculative
0%
Play 1837 Stafford
0%
Poem 1876 St. Martin's Summer
0%
Poem 1889 Summum Bonum
0%
Poem 1875 Thamuris Marching
0%
Play 1877 The Agamemnon of Aeschylus
0%
Poem 1845 The Boy and the Angel
0%
Poem 1845 The Confessional
0%
Poem 1884 The Eagle
0%
Poem 1845 The Englishman in Italy
0%
Poem 1884 The Family
0%
Poem 1845 The Flight of the Duchess
0%
Poem 1845 The Flower's Name
0%
Poem 1845 The Glove
0%
Poem 1855 The Guardian-Angel
0%
Poem 1855 The Heretic's Tragedy
0%
Poem 1875 The Inn Album
0%
Poem 1845 The Italian in England
0%
Poem 1855 The Last Ride Together
0%
Poem 1845 The Lost Mistress
0%
Poem 1855 The Patriot
0%
Poem 1855 The Statue and the Bust
0%
Poem 1884 The Sun
0%
Poem 1855 The Twins
0%
Poem 1878 The Two Poets of Croisic
0%
Poem 1864 The Worst of It
0%
Poem 1841 The Year's at the Spring
0%
Poem 1842 Through the Metidja to Abd-El-Kadr
0%
Poem 1845 Time's Revenges
0%
Poem 1864 Too Late
0%
Poem 1880 Torch Him Ne'er So Lightly
0%
Poem 1855 Transcendentalism - A Poem in Twelve Volumes
0%
Poem 1879 Tray
0%
Poem 1884 Two Camels
0%
Poem 1855 Two in the Campagna
0%
Poem 1855 Up at a Villa - Down in the City
0%
Poem 1883 Wanting Is - What?
0%
Poem 1842 Waring
0%
Poem 1889 White Witchcraft
0%
Poem 1855 Women and Roses
0%
Poem 1880 You Are Sick, That's Sure
0%
Poem 1864 Youth and Art
0%
No matching quizzes found
Score Distribution
Percent of People with Each Score
Percentile by Number Answered
Your Score History
You have not taken this quiz